Propriétés des matériaux - Organisation Industrielle - Statistiques

Statistiques générales
  • Ce quiz a été pris 29 fois
  • Le résultat moyen est 6 sur 29
Statistiques - réponses
Indice Réponse % Correct
Cuivre + Étain Bronze
60%
Pour les Comportements électriques, un matériau peut être … 1/3 Conducteur
55%
Pour les Comportements thermiques, un matériau peut être … 1/3 Conducteur
55%
Pour les Comportements électriques, un matériau peut être … 3/3 Isolant
55%
Pour les Comportements thermiques, un matériau peut être … 2/3 Isolant
55%
Les caractéristiques mécaniques importantes: 5/5 Dur/Mou
45%
Donner le nom de la déformation associée: Sous l'effet d'une contrainte extérieure, le matériau se déforme sous charge, mais revient à sa forme initiale si la charge disparaît (elle est d'ampleur très variable selon les matériaux) Élastique
45%
Les caractéristiques mécaniques importantes: 3/5 Élastique/Rigide
45%
Les caractéristiques mécaniques importantes: 4/5 Ductile/Fragile
40%
Cuivre + Zinc Laiton
40%
Même si la charge disparait, le matériau ne revient pas à sa forme initiale. Elle concerne les seuls métaux et alliages contrairement à la déformation précédente. Plastique
35%
Propriétés mécaniques (1/3) Elasticité
30%
Pour les Comportements électriques, un matériau peut être … 2/3 Semi-Conducteur
25%
Rupture N
15%
Cuivre + Nickel Cupro-Nickel
10%
Cuivre + Aluminium Cupro-Aluminium
5%
Pour les Comportements thermiques, un matériau peut être … 3/3 Dilatation
5%
Propriétés mécaniques (2/3) Dureté
5%
Les caractéristiques mécaniques importantes: 1/5 Homogène
5%
Cuivre + Zinc + Nickel Maillechort
5%
Propriétés physiques (1/4) Masse Volumique
5%
Propriétés physiques (2/4) Température de fusion
5%
Propriétés physiques (4/4) Coefficient de dilatation
0%
Propriétés physiques (3/4) Conductibilité électrique et thermique
0%
Les caractéristiques mécaniques importantes: 2/5 Isotrope
0%
Propriétés chimiques (1/3) Masse atomique
0%
Propriétés mécaniques (3/3) Résistance au fluage
0%
Propriétés chimiques (3/3) Sensibilité aux réactions d’oxydo-réduction et corrosion
0%
Propriétés chimiques (2/3) Sensibilités aux composés chimiques
0%
Aucun quiz correspondant
Distribution des résultats
% des personnes avec chaque résultat
Percentile par nombre de réponses
Votre historique - résultats
Vous n’avez pas pris ce quiz